| 000 | 00567nam a2200205Ia 4500 | ||
|---|---|---|---|
| 005 | 20250508164446.0 | ||
| 008 | 008 250505s9999 xx 000 0 eng d | ||
| 037 | _aTextual | ||
| 040 |
_aFEDL _beng _cFEDL |
||
| 041 |
_aeng _2eng |
||
| 084 |
_a300.722, HAM _qFEDL |
||
| 100 |
_aHamel Jacques _943136 |
||
| 245 | 0 | _aCase study methods | |
| 260 |
_aLondon, UK _bSage Publications _c1993 |
||
| 300 | _aix,76p. | ||
| 365 |
_aUSD _b9.5 |
||
| 490 | _aQualitative Research Methods. Vol 32 | ||
| 942 |
_cTEXL _h300.722, HAM |
||
| 999 |
_c1389243 _d1389243 |
||